| 000 | 00536nam a2200145Ia 4500 | ||
|---|---|---|---|
| 008 | 151213s9999 xx 000 0 und d | ||
| 100 | _aমনসুর মুসা। | ||
| 245 |
_aভাষা পরিকল্পনা ও অন্যান্র্য প্রবন্ধ। _cমনসুর মুসা। |
||
| 260 |
_aঢাকা _bমুক্ত ধারা। _c1984 |
||
| 300 | _a8740 p. | ||
| 650 | _aBangla | ||
| 650 | _aভাষা তত্ত্ব | ||
| 700 | _aমনসুর মুসা। | ||
| 999 |
_c4525 _d4525 |
||